Személyi hirek

Správa o pracovnej návšteve v humenskej vyššej obchodnej škole v máji 1914. na kotrolu sem došli: generálny riaditeľ poverený dozorom nad vyššími obchodnými školami Béla Kirchner a riaditeľ-učiteľ János Tóth riaditeľ vyššej obchodnej školy v Szegede.

Podrobná bibliografia
Médium: Článok
Jazyk:Hungarian
Témy:
Zdroj: 1. Felvidéki Hirlap 1. Roč. 7, č. 19 (17.05.1914) s. 2
LEADER 01188nab#a2200325#ar4500
001 000074501
003 SVKKK
005 20041220xxxxxxx.
008 06 c xo huno
FMT
038 |a SVKKK 
040 |a SVKKK  |b slo  |e AACR2 
041 0 |a hun 
044 |a xo  |c SK 
080 |a 377 
242 1 0 |a Personálne správy 
245 0 0 |a Személyi hirek 
500 |a mikrofilm 
520 2 |a Správa o pracovnej návšteve v humenskej vyššej obchodnej škole v máji 1914. na kotrolu sem došli: generálny riaditeľ poverený dozorom nad vyššími obchodnými školami Béla Kirchner a riaditeľ-učiteľ János Tóth riaditeľ vyššej obchodnej školy v Szegede. 
650 0 4 |a návštevy pracovné - vyššia obchodná škola, Humenné - Kirchner, Béla (riaditeľ generálny) - Budapest (HU) - Tóth, János (riaditeľ-učiteľ) - vyššia obchodná škola, Szeged (HU) - Humenné - máj 1914 - správy 
773 0 |t Felvidéki Hirlap  |g Roč. 7, č. 19 (17.05.1914) s. 2 
957 |a Budapest (HU) 
957 |a Humenné 
957 |a Szeged (HU) 
958 |a DG 
958 |a SK 
974 |a Ba  |d 20041220 
992 |a RBX 
BAS
998 |a RETRO